Países aleatorios en un mapa topológico - Estadísticas

Estadísticas generales
  • Esta prueba ha sido intentada 4.751 veces
  • La puntuación promedio es 10 de 20
Respuestas en el mapa
Las respuestas están codificadas por una escala verde-roja en el mapa de la prueba según el % correcto abajo.
 
Estadísticas de respuestas
País % Correcto
Estados Unidos
95%
Rusia
95%
Canadá
92%
Argentina
89%
México
88%
China
87%
Brasil
86%
España
86%
Chile
81%
Ecuador
77%
Alemania
74%
Francia
74%
Bolivia
72%
Ucrania
72%
Panamá
71%
Uruguay
71%
Guatemala
70%
Paraguay
70%
Colombia
69%
Perú
69%
Venezuela
68%
Egipto
67%
Sudáfrica
66%
Argelia
64%
India
63%
Nicaragua
63%
Turquía
63%
Italia
62%
Lesoto
62%
República Democrática del Congo
62%
Túnez
62%
Esuatini
60%
Letonia
60%
Costa Rica
59%
Guyana
59%
Libia
59%
El Salvador
58%
Ruanda
58%
Surinam
57%
Arabia Saudita
56%
Indonesia
56%
Lituania
56%
Marruecos
56%
Portugal
56%
Andorra
54%
Honduras
54%
Namibia
54%
Estonia
53%
Grecia
53%
Irak
53%
Sudán
53%
Irán
52%
Luxemburgo
52%
Malí
52%
Níger
52%
Belice
51%
Bulgaria
51%
Dinamarca
51%
Austria
50%
Bielorrusia
50%
Ciudad del Vaticano
50%
Polonia
50%
San Marino
50%
Suecia
50%
Tanzania
50%
Israel
49%
Mónaco
49%
Georgia
48%
Hungría
48%
Liechtenstein
48%
República del Congo
48%
Somalia
48%
Suiza
48%
Yemen
48%
Bélgica
47%
Chad
47%
Kenia
47%
Mauritania
47%
Pakistán
47%
Uganda
47%
Zambia
47%
Burundi
46%
Eritrea
46%
Etiopía
46%
Mozambique
46%
Siria
46%
Angola
45%
Eslovenia
45%
Moldavia
45%
Mongolia
45%
Albania
44%
Catar
44%
Emiratos Árabes Unidos
44%
Rumania
44%
Armenia
43%
Botsuana
43%
Finlandia
43%
Líbano
43%
Sudán del Sur
43%
Croacia
42%
Guinea
42%
Yibuti
42%
Azerbaiyán
41%
Camerún
41%
Corea del Norte
41%
Kazajistán
41%
Omán
41%
Liberia
40%
Malasia
40%
Nepal
40%
Noruega
40%
Países Bajos
40%
Jordania
39%
Kuwait
39%
Senegal
39%
Guinea-Bissau
38%
Tailandia
38%
Vietnam
38%
Zimbabue
38%
Bután
37%
Kosovo
37%
Nigeria
37%
Sierra Leona
37%
Costa de Marfil
36%
Eslovaquia
36%
Ghana
36%
Myanmar
36%
República Checa
36%
Serbia
36%
Turkmenistán
36%
Afganistán
35%
Bosnia y Herzegovina
35%
Camboya
34%
Gabón
34%
Gambia
34%
Uzbekistán
34%
Corea del Sur
33%
Kirguistán
33%
República Centroafricana
33%
Togo
33%
Burkina Faso
32%
Macedonia del Norte
32%
Malaui
32%
Bangladés
31%
Guinea Ecuatorial
31%
Laos
31%
Tayikistán
31%
Benín
26%
Brunéi
25%
Montenegro
25%
Timor Oriental
24%
Papúa Nueva Guinea
23%
No se encontraron pruebas coincidentes
Distribución de puntuación
Porcentaje de gente con cada puntuación
Porcentaje por número respondido
Historial de tus puntuaciones
No has intentado esta prueba.